000 00362nam a2200157Ia 4500
003 Ost
005 20260225132545.0
008 260225s9999||||xx |||||||||||||| ||und||
040 _cfsic
041 _afre
082 _a440
100 _aLazar mojosov
_eAuteur
245 0 _aLes themes historiques macedoniennes /
245 0 _cLazar mojosov
942 _cكتاب
999 _c33786
_d33786